[Event "POL-chT3 Slaskie"]
[Site "Poland"]
[Date "2008.03.02"]
[Round "6.44"]
[White "Kapusta, Tadeusz"]
[Black "Olbrich, Roman"]
[Result "1/2-1/2"]
[WhiteElo "2002"]
[BlackElo "1842"]
[PlyCount "45"]
[EventDate "2008.02.03"]
[EventType "team-swiss"]
[EventRounds "9"]
[EventCountry "POL"]
[SourceTitle "EXT 2019"]
[Source "ChessBase"]
[SourceDate "2018.10.10"]
[SourceVersion "1"]
[SourceVersionDate "2018.10.10"]
[SourceQuality "1"]

1. d4 Nf6 2. Nf3 d5 3. Bg5 e6 4. e3 c6 5. Bd3 Nbd7 6. 0-0 Be7 7. Nbd2 0-0 8. c3 Re8 9. e4 dxe4 10. Nxe4 b6 11. Qc2 h6 12. Bxf6 Nxf6 13. Ne5 Bb7 14. Rad1 Qc7 15. Nxf6+ Bxf6 16. f4 c5 17. Be4 cxd4 18. Bxb7 Qxb7 19. Rxd4 Red8 20. Rfd1 Qc7 21. Rxd8+ Rxd8 22. Rxd8+ Qxd8 23. Qd3 1/2-1/2